Serlahkan aura guru super

Bibliographic Details
Main Author: Khuzaimah Sulaiman
Format: Book
Published: Selangor : PTS Professional Sdn. Bhd , 2012
Subjects:

MARC

LEADER 00000cam a2200000 7i4500
001 0000039813
005 20140108.0
008 140108
020 |a 9673691326 
090 0 0 |a 371.10092   |b KHU 
100 0 |a Khuzaimah Sulaiman 
245 1 0 |a Serlahkan aura guru super   |c Khuzaimah Sulaiman 
260 |a Selangor :   |b PTS Professional Sdn. Bhd ,   |c 2012 
650 0 |a Educators   |x Anecdotes 
650 0 |a Teacher   |x Anecdotes 
999 |a 0001262102   |b Book   |c Adult Collection   |e Perbadanan Perpustakaan Awam Johor 
999 |a 0001263094   |b Book   |c Adult Collection   |e Cawangan Bukit Gambir 
999 |a 0001263095   |b Book   |c Adult Collection   |e Cawangan Mersing 
999 |a 0001263097   |b Book   |c Adult Collection   |e Cawangan Bandar Tenggara 
999 |a 0001263102   |b Book   |c Adult Collection   |e Cawangan Tmn. Ungku Tun Aminah